INTRODUCTION TO CLINICAL MEDICINE (Record no. 4054)

MARC details
000 -LEADER
fixed length control field 00372nam a2200145Ia 4500
008 - FIXED-LENGTH DATA ELEMENTS--GENERAL INFORMATION
fixed length control field 150201s1994 xx 000 0 und d
082 ## - DEWEY DECIMAL CLASSIFICATION NUMBER
Classification number 610
Item number I1994M
100 ## - MAIN ENTRY--PERSONAL NAME
Personal name MACKLES,ROGER M.
245 ## - TITLE STATEMENT
Title INTRODUCTION TO CLINICAL MEDICINE
250 ## - EDITION STATEMENT
Edition statement 3RD
260 ## - PUBLICATION, DISTRIBUTION, ETC. (IMPRINT)
Name of publisher, distributor, etc. A LITTLE BROWN & COMPANY
Place of publication, distribution, etc. BOSTON (LONDON)
Date of publication, distribution, etc. 1994
300 ## - PHYSICAL DESCRIPTION
Extent 1-305
650 ## - SUBJECT ADDED ENTRY--TOPICAL TERM
Topical term or geographic name as entry element MEDICINE
942 ## - ADDED ENTRY ELEMENTS (KOHA)
Source of classification or shelving scheme Dewey Decimal Classification
Koha item type Books
Holdings
Withdrawn status Lost status Source of classification or shelving scheme Damaged status Not for loan Home library Current library Date acquired Source of acquisition Cost, normal purchase price Serial Enumeration / chronology SGTU Bill Number Total Checkouts Full call number Barcode Date last seen Bill Date Koha item type
    Dewey Decimal Classification     SGT Dental Library SGT Dental Library 10/06/2008 U.B.S.DELHI 185.00 1 SGTU 1023   610 I1994M FD5301 09/02/2015 02/02/2013 Books
    Dewey Decimal Classification     SGT Dental Library SGT Dental Library 10/06/2008 U.B.S.DELHI 185.00 1 SGTU 1023   610 I1994M FD5302 09/02/2015 02/02/2013 Books
    Dewey Decimal Classification     SGT Dental Library SGT Dental Library 10/06/2008 U.B.S.DELHI 185.00 1 SGTU 1023   610 I1994M FD5303 09/02/2015 02/02/2013 Books